000
00316nam a2200145Ia 4500
100
_a
Puder/Arno/ Romer/Kay
942
_c
BK
366
_f
25
245
_a
Distributed system architecture
260
_b
Morgan Kaufman
_c
2006
082
_a
5.43
_b
PUD
300
_a
322
546
_a
ENGLISH
_c
Computers
999
_c
29621
_d
29621